|
|
|
|
| LEADER |
00000nab a2200000 a 4500 |
| 001 |
vtls000898597 |
| 003 |
SK-MaSNL |
| 005 |
20260302174825.0 |
| 008 |
040720e19980929xo 0 slo |
| 035 |
|
|
|a KE7604
|
| 040 |
|
|
|a KEVKJB
|b slo
|c KEVKJB
|e AACR2
|
| 041 |
0 |
|
|a slo
|
| 044 |
|
|
|a xo
|c SK
|
| 080 |
|
|
|a 663.2
|2 1981
|
| 080 |
|
|
|a 061.4
|2 1981
|
| 080 |
|
|
|a 394.2
|2 1981
|
| 100 |
1 |
|
|a Sabo, Kristián
|4 aut
|9 872655
|
| 245 |
1 |
0 |
|a Slávnosti vína
|b V Dome techniky potečie perlivý mok
|
| 611 |
1 |
7 |
|a Expo víno Košice
|2 KEVKJB
|9 885249
|
| 611 |
1 |
7 |
|a Košické slávnosti vína
|2 KEVKJB
|9 885250
|
| 650 |
0 |
7 |
|a výstavy
|2 KEVKJB
|9 2780
|
| 650 |
0 |
7 |
|a program
|2 KEVKJB
|9 873327
|
| 650 |
0 |
7 |
|a informácie
|2 KEVKJB
|9 1285
|
| 651 |
|
7 |
|a Košice (Slovensko)
|2 KEVKJB
|9 18694
|
| 651 |
|
7 |
|a KE,
|2 KEVKJB
|9 877256
|
| 655 |
|
7 |
|a periodikum
|2 snkbucl
|9 29553
|
| 773 |
0 |
8 |
|t Košický večer
|g Roč. 9
|g Roč. 30, č.186, 29.9.1998, s. 1
|
| 852 |
|
|
|a ZVYKNI
|b KIS3GCP
|
| 999 |
|
|
|c 1405159
|d 1407089
|